Základy užité teorie plasticity /

Gespeichert in:
Bibliographische Detailangaben
1. Verfasser: Pešina, Eugen (Verfasst von)
Format: Buch
Sprache:Tschechisch
Veröffentlicht: Praha : SNTL, 1966
Schlagworte:
Tags: Tag hinzufügen
Keine Tags, Fügen Sie das erste Tag hinzu!

MARC

LEADER 00000nam a22000003a 4500
001 stu40401
005 20150617225722.4
008 930503s1966----cs------------------cze-d
040 |a STU  |b slo 
041 0 |a cze 
044 |a cs 
080 |a 539.214(075.8) 
100 1 |a Pešina, Eugen  |4 aut 
245 1 |a Základy užité teorie plasticity /  |c [aut.]Eugen Pešina 
260 |a Praha :  |b SNTL,  |c 1966 
300 |a 185 s 
650 7 |a plasticita  |2 stusub 
996 |b 284M054015  |c M*3044-1  |l MMKN  |s A  |a 24  |w stu40401_0001